|
|
|
|
| LEADER |
01400nam a22003137a 4500 |
| 001 |
32836 |
| 003 |
BD-DhAAL |
| 005 |
20211108145654.0 |
| 008 |
180319t2017 bcc||||| b||| 00| 0 eng d |
| 999 |
|
|
|c 39066
|d 39066
|
| 020 |
|
|
|a 9781530075614
|
| 040 |
|
|
|a BD-DhAAL
|
| 082 |
|
|
|a 005.276
|2 22
|
| 100 |
|
|
|a Leiva, Antonio
|9 25171
|
| 245 |
|
|
|a Kotlin for Android developers :
|b learn Kotlin the easy way while developing an Android App /
|c Antonio Leiva
|
| 260 |
|
|
|a [Victoria, British Columbia] :
|b Leanpub,
|c c2017
|
| 300 |
|
|
|a 202 pages ;
|c 24 cm.
|
| 504 |
|
|
|a Includes bibliographical references.
|
| 526 |
|
|
|a AAL
|
| 541 |
|
|
|a Karim International
|e 32836, 32837
|
| 630 |
|
|
|a Android (Electronic resource)
|9 25172
|
| 630 |
|
|
|a Java virtual machine
|9 25173
|
| 650 |
|
|
|a Application software
|x Development.
|9 25174
|
| 650 |
|
|
|a Kotlin (Computer program language).
|9 25175
|
| 650 |
|
|
|a Computer science.
|9 42415
|
| 852 |
|
|
|a Ayesha Abed Library
|c General Stacks
|
| 942 |
|
|
|2 ddc
|c BK
|
| 952 |
|
|
|0 0
|1 0
|2 ddc
|4 0
|6 005_276000000000000_LEI
|7 0
|9 62925
|a BRACUL
|b BRACUL
|c GEN
|d 2018-03-18
|e Karim International
|g 3480.00
|l 10
|m 74
|o 005.276 LEI
|p 3010032836
|r 2024-09-18
|s 2024-09-11
|t 1
|v 3480.00
|w 2018-03-18
|y BK
|
| 952 |
|
|
|0 0
|1 0
|2 ddc
|4 0
|6 005_276000000000000_LEI
|7 0
|9 62926
|a BRACUL
|b BRACUL
|c GEN
|d 2018-03-18
|e Karim International
|g 3480.00
|l 5
|m 61
|o 005.276 LEI
|p 3010032837
|r 2026-04-04
|s 2025-09-17
|t 2
|v 3480.00
|w 2018-03-18
|y BK
|